00988nam a2200193 a 450000100100000000500170001000800410002704000250006808200150009311000650010824500480017326000720022130000290029395201140032295201140043695201130055095201140066399900170077700002987620200930055856.0110426s1970 dr 000 0 spa d aDO-SdBNPbspacBNPHU axxxxbxxxx1 aRepública Dominicana.bDepartamento de Contabilidad95662010aEstados financieros al 31 de enero de 1970. aSanto Domingo :bBanco Central de la República Dominicana,c1970. a[74] p. :bil. ;c28 cm. 00107-18PDaGRbGRcOId2011-04-26iLF1l0oxxxx xxxxp29876-30r2020-06-25w2020-06-25yLFPDZNo se presta 00107-18PDaGRbGRcOId2011-04-26iLF1l0oxxxx xxxxp29876-40r2020-06-25w2020-06-25yLFPDZNo se presta 0010718PDaPDbPDcCTd2011-04-26iLF1l0oxxxx xxxxp29876-10r2020-06-25w2020-06-25yLFPDZNo se presta 00107-18PDaPDbPDcOId2011-04-26iLF1l0oxxxx xxxxp29876-20r2020-06-25w2020-06-25yLFPDZNo se presta c29368d29368